000 01774nam a2200457 i 4500
001 DIGUEAN0021
003 NyNyDIG
007 cr |||||||||||
008 240809s2024 ck ao ob 000 0 spa d
006 m o d
035 _a(OCoLC)1452350222
040 _aDGITA
_beng
_erda
_epn
_cDGITA
020 _a9789587567151
_qpdf digital
020 _z9789587567144
024 7 _a10.57793/9789587567151
_2doi
043 _as-ck---
050 1 4 _aHD7255 ebook
100 1 _aPiñeros, Sebastián,
_eauthor.
245 1 0 _aMoviid :
_bun emprendimiento que cambia vidas sobre ruedas /
_cun emprendimiento de Sebastián Piñeros.
250 _aPrimera edición.
264 1 _aBogotá D.C., Colombia :
_bEdiciones EAN,
_c2024.
300 _a1 online resource :
_billustrations, photographs.
336 _atext
_btxt
_2rdacontent
337 _acomputer
_bc
_2rdamedia
338 _aonline resource
_bcr
_2rdacarrier
347 _atext file
_2rdaft
347 _bPDF
490 1 _aCiudades sostenibles
504 _aIncludes bibliographical references.
588 0 _aOnline resource; title from PDF title page (Digitalia, viewed August 9, 2024)
650 0 _aPeople with disabilities
_xServices for
_zColombia.
650 0 _aPeople with disabilities
_xEmployment
_zColombia
650 0 _aEntrepreneurship
_zColombia.
791 2 _aDigitalia (Firm),
_edistributor.
793 0 _gDigitalia eBook Collection:
_aUniversidad EAN
776 0 8 _iPrint version:
_aPiñeros, Sebastián.
_tMoviid.
_bPrimera edición.
_dBogotá D.C., Colombia : Ediciones EAN, [2024]
_z9789587567144
830 0 _aCiudades sostenibles (Ediciones EAN)
856 4 0 _3Digitalia Hispánica
_uhttps://www.digitaliapublishing.com/a/157314/
910 _aPremium collection: 2024
942 _cRAA
999 _c287184
_d287184